• 首页
  • 本馆介绍
  • 公告通知
  • 最新文献
  • 馆藏检索
  • 电子资源
  • 读者导购
  • 参考咨询
  • 我的图书馆
  • 登录
  • 详细信息显示
  • 放入我的书架
  • 预约/预借图书
  • 作者相关作品
  • 分类相关作品
  • 丛书相关作品
  • 出版社相关作品

书目信息

  • 表格格式
  • 工作单格式
  • 卡片格式
题名:
日本新教育运动发展研究
    
 
作者: 刘双喜 著
分册:  
出版信息: 北京   光明日报出版社  2020.01
页数: 248页
开本: 24cm
丛书名: 光明社科文库
单 册:
中图分类: G531.395
科图分类:
主题词: 教育史--jiao yu shi--研究--日本--1912-1941
电子资源:
ISBN: 978-7-5194-4799-1
000 01168nam 2200277 450
001 0109110121
005 20201109110335.0
010    @a978-7-5194-4799-1@b精装@dCNY95.00
100    @a20200713d2020 kemy0chiy50 ea
101 0  @achi@deng
102    @aCN@b110000
105    @ay v 000yy
106    @ar
200 1  @a日本新教育运动发展研究@Ari ben xin jiao yu yun dong fa zhan yan jiu@e1912年-1941年@f刘双喜著
210    @a北京@c光明日报出版社@d2020.01
215    @a248页@d24cm
225 2  @a光明社科文库@Aguang ming she ke wen ku
300    @a河北省社科基金项目“大正自由教育运动及其当代价值研究”最终研究成果河北省高等学校人文社会科学重点研究基地“河北大学高等教育与区域发展研究中心”资助出版光明版
330    @a本书以日本新教育运动为研究对象,以其历史发展脉络为主线,从其发生背景、代表主张、典型案例三个方面进行论述,介绍了日本新教育运动从萌芽到高潮再到衰落的全过程。
461  0 @12001 @a光明社科文库
517 1  @a1912年-1941年@A1912 nian-1941 nian
606 0  @a教育史@Ajiao yu shi@x研究@y日本@z1912-1941
690    @aG531.395@v5
701  0 @a刘双喜@Aliu shuang xi@f1981-@4著
801  0 @aCN@bBJSZM@c20201103
905    @b1267337-40@dG531.395@e98@f4
    
    日本新教育运动发展研究:1912年-1941年/刘双喜著.-北京:光明日报出版社,2020.01
    248页;24cm.-(光明社科文库)
    河北省社科基金项目“大正自由教育运动及其当代价值研究”最终研究成果河北省高等学校人文社会科学重点研究基地“河北大学高等教育与区域发展研究中心”资助出版光明版
    
    ISBN 978-7-5194-4799-1(精装):CNY95.00
    本书以日本新教育运动为研究对象,以其历史发展脉络为主线,从其发生背景、代表主张、典型案例三个方面进行论述,介绍了日本新教育运动从萌芽到高潮再到衰落的全过程。
●
相关链接 在E读中查询图书 在五车中查询图书 在当当中查询图书 在豆瓣中查询图书


正题名:日本新教育运动发展研究     索取号:G531.395/98         预约/预借

序号 登录号 条形码 馆藏地/架位号 状态 备注
1 1267337   212673374   教育系资料室/ [索取号:G531.395/98] 在馆    
2 1267338   212673383   教育系资料室/ [索取号:G531.395/98] 在馆    
3 1267339   212673392   教育系资料室/ [索取号:G531.395/98] 在馆    
4 1267340   212673409   第四借阅区/ [索取号:G531.395/98] 在馆    
5 1288593   212885939   第一样本阅览室/ [索取号:G531.395/98] 在馆    
6 1288594   212885948   第四借阅区/ [索取号:G531.395/98] 在馆    
7 1288595   212885957   第四借阅区/ [索取号:G531.395/98] 在馆    
8 1288596   212885966   第四借阅区/ [索取号:G531.395/98] 在馆    
唐山师范学院图书馆 欢迎您!
大连网信软件有限公司© 版权所有